[Event "Landsturneringen 2017"]
[Site "Clarion Energy Hotel, Stavanger"]
[Date "2017.07.06"]
[Round "7"]
[White "Grønn, Atle"]
[Black "Lie, Espen"]
[Result "1/2-1/2"]
[WhiteElo "2331"]
[BlackElo "2462"]
[PlyCount "123"]

1. Nf3 {[%clk 1:30:58]} Nf6 {[%clk 1:30:51]} 2. c4 {[%clk 1:31:17]} g6
{[%clk 1:31:13]} 3. g3 {[%clk 1:31:41]} Bg7 {[%clk 1:31:36]} 4. Bg2
{[%clk 1:32:04]} O-O {[%clk 1:32:00]} 5. d4 {[%clk 1:32:26]} d6 {[%clk 1:32:17]}
6. O-O {[%clk 1:32:44]} Nc6 {[%clk 1:32:29]} 7. Nc3 {[%clk 1:32:44]} a6
{[%clk 1:32:18]} 8. Re1 {[%clk 1:33:00]} e5 {[%clk 1:24:34]} 9. h3
{[%clk 1:32:38]} Re8 {[%clk 1:02:57]} 10. d5 {[%clk 1:30:45]} Nd4
{[%clk 0:47:56]} 11. Nxd4 {[%clk 1:22:48]} exd4 {[%clk 0:48:19]} 12. Qxd4
{[%clk 1:22:35]} Ne4 {[%clk 0:47:38]} 13. Qd3 {[%clk 1:22:27]} Nxc3
{[%clk 0:46:33]} 14. bxc3 {[%clk 1:22:50]} b5 {[%clk 0:46:28]} 15. Bd2
{[%clk 1:06:19]} Bd7 {[%clk 0:42:55]} 16. e4 {[%clk 1:05:09]} bxc4
{[%clk 0:37:57]} 17. Qxc4 {[%clk 1:05:11]} Bb5 {[%clk 0:38:23]} 18. Qb3
{[%clk 0:59:47]} Rb8 {[%clk 0:33:30]} 19. Qc2 {[%clk 0:58:54]} Qd7
{[%clk 0:32:50]} 20. a4 {[%clk 0:58:43]} Bc4 {[%clk 0:33:14]} 21. Rab1
{[%clk 0:58:47]} a5 {[%clk 0:32:46]} 22. Kh2 {[%clk 0:53:34]} Rxb1
{[%clk 0:22:41]} 23. Rxb1 {[%clk 0:53:45]} Qc8 {[%clk 0:23:00]} 24. Bf1
{[%clk 0:30:52]} Qa6 {[%clk 0:22:41]} 25. Qd1 {[%clk 0:30:14]} Kf8
{[%clk 0:16:00]} 26. Rb5 {[%clk 0:25:31]} Bxf1 {[%clk 0:06:41]} 27. Qxf1
{[%clk 0:25:53]} c6 {[%clk 0:07:09]} 28. dxc6 {[%clk 0:25:28]} Qxc6
{[%clk 0:07:37]} 29. Rxa5 {[%clk 0:18:03]} Bxc3 {[%clk 0:07:38]} 30. Ra6
{[%clk 0:16:47]} Qc5 {[%clk 0:07:01]} 31. Bxc3 {[%clk 0:09:25]} Qxc3
{[%clk 0:07:30]} 32. Qd1 {[%clk 0:09:15]} Rxe4 {[%clk 0:06:16]} 33. Qxd6+
{[%clk 0:06:15]} Kg7 {[%clk 0:06:45]} 34. Ra8 {[%clk 0:02:07]} Qb4
{[%clk 0:07:02]} 35. Qxb4 {[%clk 0:00:45]} Rxb4 {[%clk 0:07:30]} 36. Kg2
{[%clk 0:00:45]} h5 {[%clk 0:07:15]} 37. h4 {[%clk 0:00:57]} Kf6 {[%clk 0:07:29]}
38. Kf3 {[%clk 0:01:14]} Rb3+ {[%clk 0:07:46]} 39. Ke4 {[%clk 0:01:34]} Rb2
{[%clk 0:07:47]} 40. Ra6+ {[%clk 0:01:48]} Kg7 {[%clk 0:08:07]} 41. Ke3
{[%clk 0:01:07]} Rb3+ {[%clk 0:07:48]} 42. Ke4 {[%clk 0:25:24]} Rb2
{[%clk 0:37:36]} 43. Kf3 {[%clk 0:25:16]} Rb3+ {[%clk 0:37:58]} 44. Kg2
{[%clk 0:25:32]} Ra3 {[%clk 0:38:05]} 45. a5 {[%clk 0:25:57]} Kg8
{[%clk 0:36:33]} 46. Ra8+ {[%clk 0:26:15]} Kg7 {[%clk 0:36:58]} 47. a6
{[%clk 0:26:37]} Kf6 {[%clk 0:36:37]} 48. Kf1 {[%clk 0:26:52]} Ra2
{[%clk 0:36:52]} 49. Kg2 {[%clk 0:25:57]} Ra3 {[%clk 0:37:17]} 50. Kf1
{[%clk 0:26:24]} Ra2 {[%clk 0:37:41]} 51. Ra7 {[%clk 0:23:17]} Kg7
{[%clk 0:37:55]} 52. Ke1 {[%clk 0:23:26]} Kf6 {[%clk 0:37:41]} 53. Kf1
{[%clk 0:21:09]} Kg7 {[%clk 0:37:59]} 54. Kg1 {[%clk 0:20:24]} Kf6
{[%clk 0:37:53]} 55. Kg2 {[%clk 0:20:46]} Ra3 {[%clk 0:38:15]} 56. Ra8
{[%clk 0:20:56]} Kg7 {[%clk 0:37:31]} 57. f3 {[%clk 0:15:18]} Ra2+
{[%clk 0:36:53]} 58. Kf1 {[%clk 0:15:22]} Ra3 {[%clk 0:33:57]} 59. Ke2
{[%clk 0:15:30]} Kf6 {[%clk 0:33:27]} 60. g4 {[%clk 0:14:00]} Ke5
{[%clk 0:25:30]} 61. gxh5 {[%clk 0:09:18]} gxh5 {[%clk 0:23:04]} 62. Rh8
{[%clk 0:07:17]}
1/2-1/2

[Event "Landsturneringen 2017"]
[Site "Clarion Energy Hotel, Stavanger"]
[Date "2017.07.06"]
[Round "7"]
[White "Arvola, Benjamin"]
[Black "Gandrud, Vegar Koi"]
[Result "1-0"]
[WhiteElo "2435"]
[BlackElo "2330"]
[PlyCount "61"]

1. e4 {[%clk 1:30:57]} c5 {[%clk 1:30:55]} 2. Nf3 {[%clk 1:31:22]} d6
{[%clk 1:31:21]} 3. d4 {[%clk 1:31:49]} cxd4 {[%clk 1:31:47]} 4. Nxd4
{[%clk 1:32:16]} Nf6 {[%clk 1:32:11]} 5. Nc3 {[%clk 1:32:42]} a6 {[%clk 1:32:37]}
6. Be3 {[%clk 1:33:08]} Ng4 {[%clk 1:32:56]} 7. Bc1 {[%clk 1:33:00]} Nf6
{[%clk 1:33:24]} 8. Be3 {[%clk 1:30:26]} Ng4 {[%clk 1:33:48]} 9. Bg5
{[%clk 1:30:53]} h6 {[%clk 1:34:13]} 10. Bh4 {[%clk 1:31:19]} g5 {[%clk 1:34:39]}
11. Bg3 {[%clk 1:31:44]} Bg7 {[%clk 1:34:48]} 12. h3 {[%clk 1:32:03]} Ne5
{[%clk 1:34:59]} 13. f3 {[%clk 1:32:24]} Nbc6 {[%clk 1:34:24]} 14. Bf2
{[%clk 1:32:47]} O-O {[%clk 1:27:34]} 15. Qd2 {[%clk 1:31:55]} b5
{[%clk 1:23:40]} 16. h4 {[%clk 1:20:36]} b4 {[%clk 1:11:51]} 17. Nce2
{[%clk 1:05:27]} Qc7 {[%clk 0:52:00]} 18. Nxc6 {[%clk 0:52:36]} Nxc6
{[%clk 0:51:16]} 19. hxg5 {[%clk 0:52:45]} Bxb2 {[%clk 0:49:06]} 20. Rb1
{[%clk 0:53:05]} Bh8 {[%clk 0:49:22]} 21. g6 {[%clk 0:41:48]} Bg7
{[%clk 0:45:54]} 22. Be3 {[%clk 0:42:11]} h5 {[%clk 0:44:53]} 23. Qd5
{[%clk 0:31:21]} Be5 {[%clk 0:37:31]} 24. gxf7+ {[%clk 0:27:51]} Rxf7
{[%clk 0:36:46]} 25. Nf4 {[%clk 0:22:53]} e6 {[%clk 0:27:25]} 26. Nxe6
{[%clk 0:20:28]} Bxe6 {[%clk 0:27:43]} 27. Qxe6 {[%clk 0:20:54]} Nd4
{[%clk 0:27:48]} 28. Bxd4 {[%clk 0:20:46]} Qxc2 {[%clk 0:27:24]} 29. Bxe5
{[%clk 0:18:30]} Qxb1+ {[%clk 0:24:04]} 30. Kd2 {[%clk 0:16:56]} dxe5
{[%clk 0:19:45]} 31. Qxf7+ {[%clk 0:16:53]}
1-0

[Event "Landsturneringen 2017"]
[Site "Clarion Energy Hotel, Stavanger"]
[Date "2017.07.06"]
[Round "7"]
[White "Holm, Kristian Stuvik"]
[Black "Kaasen, Tor Fredrik"]
[Result "1-0"]
[WhiteElo "2403"]
[BlackElo "2402"]
[PlyCount "99"]

1. d4 {[%clk 1:30:58]} Nf6 {[%clk 1:30:10]} 2. c4 {[%clk 1:31:13]} e6
{[%clk 1:30:23]} 3. Nf3 {[%clk 1:31:27]} b6 {[%clk 1:30:11]} 4. g3
{[%clk 1:31:29]} Bb7 {[%clk 1:30:19]} 5. Bg2 {[%clk 1:31:50]} Be7
{[%clk 1:30:41]} 6. O-O {[%clk 1:32:05]} O-O {[%clk 1:29:32]} 7. Re1
{[%clk 1:32:14]} Na6 {[%clk 1:27:37]} 8. a3 {[%clk 1:31:52]} d5 {[%clk 1:26:29]}
9. cxd5 {[%clk 1:32:10]} exd5 {[%clk 1:26:19]} 10. Nc3 {[%clk 1:30:09]} Re8
{[%clk 1:24:04]} 11. b4 {[%clk 1:26:21]} c6 {[%clk 1:20:28]} 12. Qb3
{[%clk 1:21:26]} Nc7 {[%clk 1:16:33]} 13. a4 {[%clk 1:18:42]} Ne6
{[%clk 1:11:48]} 14. e3 {[%clk 1:04:58]} Bd6 {[%clk 1:07:41]} 15. Bd2
{[%clk 0:52:31]} Qe7 {[%clk 1:03:26]} 16. Reb1 {[%clk 0:51:48]} Rab8
{[%clk 1:02:54]} 17. a5 {[%clk 0:45:08]} Ba8 {[%clk 0:47:07]} 18. axb6
{[%clk 0:44:44]} axb6 {[%clk 0:47:14]} 19. Nh4 {[%clk 0:31:14]} g6
{[%clk 0:39:39]} 20. Qa2 {[%clk 0:30:03]} Ng5 {[%clk 0:27:29]} 21. Be1
{[%clk 0:25:07]} Nge4 {[%clk 0:24:07]} 22. Na4 {[%clk 0:23:27]} Ng4
{[%clk 0:08:23]} 23. f3 {[%clk 0:16:28]} Nxg3 {[%clk 0:06:36]} 24. hxg3
{[%clk 0:13:35]} Qxe3+ {[%clk 0:06:55]} 25. Kh1 {[%clk 0:13:44]} Nf6
{[%clk 0:03:49]} 26. Qf2 {[%clk 0:11:02]} Nh5 {[%clk 0:01:25]} 27. f4
{[%clk 0:06:26]} Qe7 {[%clk 0:00:31]} 28. Nf3 {[%clk 0:04:11]} Qf8
{[%clk 0:00:37]} 29. Kg1 {[%clk 0:03:50]} Re7 {[%clk 0:00:35]} 30. Bd2
{[%clk 0:03:14]} Nf6 {[%clk 0:00:31]} 31. Ne5 {[%clk 0:03:23]} Nh5
{[%clk 0:00:32]} 32. Re1 {[%clk 0:03:01]} f6 {[%clk 0:00:55]} 33. Nd3
{[%clk 0:03:20]} f5 {[%clk 0:00:46]} 34. Rxe7 {[%clk 0:03:03]} Bxe7
{[%clk 0:01:10]} 35. Qe3 {[%clk 0:02:39]} Nf6 {[%clk 0:01:32]} 36. Qe6+
{[%clk 0:02:56]} Kh8 {[%clk 0:01:42]} 37. Ne5 {[%clk 0:02:13]} Re8
{[%clk 0:01:56]} 38. Qf7 {[%clk 0:02:25]} b5 {[%clk 0:01:07]} 39. Qxf8+
{[%clk 0:02:46]} Bxf8 {[%clk 0:01:26]} 40. Nc5 {[%clk 0:02:19]} Bxc5
{[%clk 0:01:39]} 41. dxc5 {[%clk 0:01:56]} Kg8 {[%clk 0:29:40]} 42. Bc3
{[%clk 0:31:45]} Ng4 {[%clk 0:21:37]} 43. Nxg4 {[%clk 0:31:28]} fxg4
{[%clk 0:22:03]} 44. Ra7 {[%clk 0:30:51]} h5 {[%clk 0:21:53]} 45. Kf2
{[%clk 0:30:35]} Kf8 {[%clk 0:22:03]} 46. Bf1 {[%clk 0:30:04]} Kg8
{[%clk 0:20:20]} 47. Bd3 {[%clk 0:30:07]} h4 {[%clk 0:20:46]} 48. Be5
{[%clk 0:29:55]} g5 {[%clk 0:19:51]} 49. Bh7+ {[%clk 0:30:14]} Kf8
{[%clk 0:20:05]} 50. Bg7# {[%clk 0:30:39]}
1-0

[Event "Landsturneringen 2017"]
[Site "Clarion Energy Hotel, Stavanger"]
[Date "2017.07.06"]
[Round "7"]
[White "Tryggestad, Andreas G"]
[Black "Haldorsen, Benjamin"]
[Result "1/2-1/2"]
[WhiteElo "2314"]
[BlackElo "2356"]
[PlyCount "201"]

1. d4 {[%clk 1:30:59]} d5 {[%clk 1:29:07]} 2. c4 {[%clk 1:31:22]} dxc4
{[%clk 1:28:31]} 3. Nf3 {[%clk 1:31:46]} Nf6 {[%clk 1:28:33]} 4. e3
{[%clk 1:32:07]} e6 {[%clk 1:28:55]} 5. Bxc4 {[%clk 1:32:30]} a6 {[%clk 1:29:23]}
6. a4 {[%clk 1:32:52]} c5 {[%clk 1:29:47]} 7. O-O {[%clk 1:33:15]} Nc6
{[%clk 1:29:54]} 8. Nc3 {[%clk 1:33:37]} Be7 {[%clk 1:30:19]} 9. Qe2
{[%clk 1:33:49]} O-O {[%clk 1:30:44]} 10. Rd1 {[%clk 1:34:09]} Qc7
{[%clk 1:31:13]} 11. dxc5 {[%clk 1:29:35]} Bxc5 {[%clk 1:30:34]} 12. Bd2
{[%clk 1:29:47]} b6 {[%clk 1:29:23]} 13. Rac1 {[%clk 1:29:30]} Bb7
{[%clk 1:29:38]} 14. Be1 {[%clk 1:28:58]} Ne5 {[%clk 1:18:04]} 15. Nxe5
{[%clk 1:26:49]} Qxe5 {[%clk 1:18:24]} 16. Nb1 {[%clk 1:26:18]} a5
{[%clk 1:09:40]} 17. Bc3 {[%clk 1:25:55]} Qg5 {[%clk 1:09:55]} 18. Qf1
{[%clk 1:25:40]} e5 {[%clk 1:07:03]} 19. Nd2 {[%clk 1:25:43]} Ng4
{[%clk 1:04:30]} 20. Re1 {[%clk 1:20:03]} Rad8 {[%clk 0:59:23]} 21. Nb3
{[%clk 1:18:14]} Bd6 {[%clk 0:57:36]} 22. h3 {[%clk 1:11:41]} Nf6
{[%clk 0:57:34]} 23. Red1 {[%clk 1:11:21]} Ne4 {[%clk 0:57:09]} 24. Bd5
{[%clk 1:09:53]} Nxc3 {[%clk 0:57:19]} 25. Rxc3 {[%clk 1:10:04]} Bc8
{[%clk 0:54:11]} 26. e4 {[%clk 1:10:10]} Bb4 {[%clk 0:48:52]} 27. Rg3
{[%clk 1:10:04]} Qh5 {[%clk 0:48:51]} 28. Rf3 {[%clk 1:10:03]} Rd6
{[%clk 0:45:48]} 29. Nd2 {[%clk 1:08:51]} Rg6 {[%clk 0:44:37]} 30. Kh2
{[%clk 1:08:31]} Bg4 {[%clk 0:44:08]} 31. Qc4 {[%clk 1:07:52]} Bxf3
{[%clk 0:42:26]} 32. Nxf3 {[%clk 1:08:05]} Rd6 {[%clk 0:39:40]} 33. Qc7
{[%clk 1:06:33]} Bc5 {[%clk 0:39:23]} 34. Rd2 {[%clk 0:55:13]} Qh6
{[%clk 0:39:34]} 35. Kg1 {[%clk 0:48:50]} Qf6 {[%clk 0:39:42]} 36. Rc2
{[%clk 0:42:07]} g6 {[%clk 0:37:50]} 37. Rxc5 {[%clk 0:33:36]} bxc5
{[%clk 0:37:47]} 38. Qxc5 {[%clk 0:34:00]} Rxd5 {[%clk 0:29:47]} 39. Qxd5
{[%clk 0:34:03]} Rd8 {[%clk 0:27:47]} 40. Qxe5 {[%clk 0:28:38]} Qxe5
{[%clk 0:25:55]} 41. Nxe5 {[%clk 0:29:06]} Rd1+ {[%clk 0:25:36]} 42. Kh2
{[%clk 0:29:35]} Rd4 {[%clk 0:25:57]} 43. b3 {[%clk 0:30:01]} Rb4
{[%clk 0:26:22]} 44. Nc4 {[%clk 0:30:19]} Rxb3 {[%clk 0:26:48]} 45. Nxa5
{[%clk 0:30:26]} Rb4 {[%clk 0:26:52]} 46. f3 {[%clk 0:30:50]} f6 {[%clk 0:26:51]}
47. Nc6 {[%clk 0:31:10]} Rxa4 {[%clk 0:27:12]} 48. Ne7+ {[%clk 0:31:35]} Kf7
{[%clk 0:26:03]} 49. Nd5 {[%clk 0:31:59]} Ke6 {[%clk 0:24:53]} 50. Kg3
{[%clk 0:27:38]} Ke5 {[%clk 0:24:46]} 51. Nc3 {[%clk 0:16:36]} Ra3
{[%clk 0:22:22]} 52. Ne2 {[%clk 0:16:28]} g5 {[%clk 0:20:46]} 53. Kf2
{[%clk 0:13:49]} Kd6 {[%clk 0:18:37]} 54. Kg3 {[%clk 0:11:39]} Kc5
{[%clk 0:17:29]} 55. h4 {[%clk 0:11:11]} Ra2 {[%clk 0:16:48]} 56. Nc3
{[%clk 0:11:15]} gxh4+ {[%clk 0:16:56]} 57. Kh3 {[%clk 0:11:25]} Ra1
{[%clk 0:13:38]} 58. Kxh4 {[%clk 0:10:45]} Kd4 {[%clk 0:13:55]} 59. Nd5
{[%clk 0:06:17]} f5 {[%clk 0:13:29]} 60. Nf6 {[%clk 0:04:24]} Ke5
{[%clk 0:12:37]} 61. Nd7+ {[%clk 0:00:42]} Kd6 {[%clk 0:10:29]} 62. Nf6
{[%clk 0:30:18]} Ke5 {[%clk 0:40:54]} 63. Nd7+ {[%clk 0:30:30]} Ke6
{[%clk 0:41:17]} 64. Nc5+ {[%clk 0:29:21]} Kd6 {[%clk 0:41:19]} 65. Nb3
{[%clk 0:23:25]} Ra2 {[%clk 0:38:54]} 66. g3 {[%clk 0:22:04]} fxe4
{[%clk 0:39:02]} 67. fxe4 {[%clk 0:22:27]} Ke5 {[%clk 0:38:55]} 68. Nc5
{[%clk 0:22:09]} Rc2 {[%clk 0:39:03]} 69. Nd7+ {[%clk 0:18:12]} Kxe4
{[%clk 0:38:02]} 70. Kg5 {[%clk 0:18:26]} Rc7 {[%clk 0:36:28]} 71. Nf6+
{[%clk 0:16:53]} Ke5 {[%clk 0:36:43]} 72. Nh5 {[%clk 0:17:01]} Rc6
{[%clk 0:36:09]} 73. Nf4 {[%clk 0:17:14]} h6+ {[%clk 0:35:16]} 74. Kg4
{[%clk 0:17:34]} Ke4 {[%clk 0:35:27]} 75. Kh5 {[%clk 0:16:42]} Kf3
{[%clk 0:27:46]} 76. Ng6 {[%clk 0:16:58]} Kxg3 {[%clk 0:27:42]} 77. Kxh6
{[%clk 0:17:22]} Kg4 {[%clk 0:27:53]} 78. Kg7 {[%clk 0:17:45]} Kg5
{[%clk 0:27:36]} 79. Ne7 {[%clk 0:18:07]} Ra6 {[%clk 0:23:47]} 80. Kf7
{[%clk 0:18:30]} Rf6+ {[%clk 0:19:12]} 81. Ke8 {[%clk 0:18:30]} Rf1
{[%clk 0:19:06]} 82. Kd7 {[%clk 0:18:50]} Kf6 {[%clk 0:19:21]} 83. Nd5+
{[%clk 0:18:49]} Ke5 {[%clk 0:19:34]} 84. Nc7 {[%clk 0:19:14]} Rd1+
{[%clk 0:17:36]} 85. Ke7 {[%clk 0:19:07]} Rh1 {[%clk 0:13:41]} 86. Kd7
{[%clk 0:19:10]} Rh6 {[%clk 0:14:04]} 87. Nb5 {[%clk 0:18:49]} Rb6
{[%clk 0:12:33]} 88. Nc7 {[%clk 0:18:53]} Rd6+ {[%clk 0:12:18]} 89. Ke7
{[%clk 0:18:59]} Rh6 {[%clk 0:12:31]} 90. Kd7 {[%clk 0:19:22]} Kd4
{[%clk 0:13:00]} 91. Ne6+ {[%clk 0:19:10]} Kd5 {[%clk 0:13:22]} 92. Nc7+
{[%clk 0:19:35]} Kc5 {[%clk 0:13:03]} 93. Ne6+ {[%clk 0:19:58]} Kb6
{[%clk 0:13:22]} 94. Kd6 {[%clk 0:20:15]} Rh1 {[%clk 0:13:38]} 95. Nd4
{[%clk 0:20:35]} Rd1 {[%clk 0:13:58]} 96. Kd5 {[%clk 0:21:00]} Kc7
{[%clk 0:14:22]} 97. Kc5 {[%clk 0:21:05]} Rh1 {[%clk 0:14:47]} 98. Kd5
{[%clk 0:21:30]} Rh5+ {[%clk 0:15:12]} 99. Ke4 {[%clk 0:21:52]} Rh4+
{[%clk 0:14:50]} 100. Kd5 {[%clk 0:22:07]} Rxd4+ {[%clk 0:12:49]} 101. Kxd4
1/2-1/2

[Event "Landsturneringen 2017"]
[Site "Clarion Energy Hotel, Stavanger"]
[Date "2017.07.06"]
[Round "7"]
[White "Fossan, Erik"]
[Black "Aulin-Jansson, Jøran"]
[Result "1-0"]
[WhiteElo "2347"]
[BlackElo "2267"]
[PlyCount "59"]

1. e4 {[%clk 1:30:59]} c5 {[%clk 1:30:51]} 2. c3 {[%clk 1:31:19]} e6
{[%clk 1:30:13]} 3. d4 {[%clk 1:31:24]} d5 {[%clk 1:30:30]} 4. exd5
{[%clk 1:27:17]} exd5 {[%clk 1:30:20]} 5. Be3 {[%clk 1:27:32]} cxd4
{[%clk 1:28:22]} 6. Bxd4 {[%clk 1:27:53]} Nc6 {[%clk 1:28:44]} 7. Nf3
{[%clk 1:27:28]} Nxd4 {[%clk 1:26:56]} 8. Qxd4 {[%clk 1:27:24]} Nf6
{[%clk 1:27:18]} 9. Bb5+ {[%clk 1:25:56]} Bd7 {[%clk 1:23:23]} 10. Bxd7+
{[%clk 1:25:06]} Qxd7 {[%clk 1:23:46]} 11. O-O {[%clk 1:23:01]} Be7
{[%clk 1:22:02]} 12. Nbd2 {[%clk 1:21:01]} O-O {[%clk 1:22:20]} 13. Rfe1
{[%clk 1:19:15]} Rfe8 {[%clk 1:17:47]} 14. h3 {[%clk 1:10:22]} h6
{[%clk 1:18:10]} 15. Qd3 {[%clk 1:06:53]} Bc5 {[%clk 1:16:44]} 16. Nd4
{[%clk 0:37:28]} Qa4 {[%clk 1:12:24]} 17. Qb5 {[%clk 0:36:08]} Qxb5
{[%clk 1:07:26]} 18. Nxb5 {[%clk 0:36:36]} a6 {[%clk 1:05:15]} 19. Rxe8+
{[%clk 0:23:35]} Rxe8 {[%clk 1:03:09]} 20. Nb3 {[%clk 0:23:48]} axb5
{[%clk 0:47:18]} 21. Nxc5 {[%clk 0:24:14]} Re2 {[%clk 0:47:40]} 22. Rb1
{[%clk 0:21:19]} Ne4 {[%clk 0:40:02]} 23. Nxb7 {[%clk 0:17:10]} Nxf2
{[%clk 0:32:53]} 24. Nd6 {[%clk 0:15:52]} b4 {[%clk 0:33:06]} 25. cxb4
{[%clk 0:14:56]} d4 {[%clk 0:33:30]} 26. b5 {[%clk 0:14:58]} d3 {[%clk 0:33:24]}
27. b6 {[%clk 0:14:42]} d2 {[%clk 0:33:30]} 28. Kf1 {[%clk 0:13:01]} d1=Q+
{[%clk 0:26:02]} 29. Rxd1 {[%clk 0:13:22]} Rxb2 {[%clk 0:26:27]} 30. Nc4
{[%clk 0:11:40]}
1-0

[Event "Landsturneringen 2017"]
[Site "Clarion Energy Hotel, Stavanger"]
[Date "2017.07.06"]
[Round "7"]
[White "Machlik, Endre"]
[Black "Moen, Andreas G.R."]
[Result "1/2-1/2"]
[WhiteElo "2194"]
[BlackElo "2330"]
[PlyCount "122"]

1. d4 {[%clk 1:30:57]} d5 {[%clk 1:30:05]} 2. c4 {[%clk 1:31:21]} dxc4
{[%clk 1:30:18]} 3. e4 {[%clk 1:31:17]} Nc6 {[%clk 1:26:24]} 4. d5
{[%clk 1:31:03]} Ne5 {[%clk 1:26:47]} 5. Bf4 {[%clk 1:30:46]} Ng6
{[%clk 1:26:33]} 6. Bg3 {[%clk 1:30:26]} e5 {[%clk 1:26:00]} 7. Nc3
{[%clk 1:29:42]} a6 {[%clk 1:21:45]} 8. Bxc4 {[%clk 1:25:06]} Bd6
{[%clk 1:21:41]} 9. Nf3 {[%clk 1:25:10]} h5 {[%clk 1:10:42]} 10. h3
{[%clk 1:24:45]} h4 {[%clk 1:10:38]} 11. Bh2 {[%clk 1:25:09]} Nf6
{[%clk 1:10:52]} 12. O-O {[%clk 1:16:34]} Nh5 {[%clk 1:04:04]} 13. Ne2
{[%clk 1:07:30]} Qf6 {[%clk 0:50:34]} 14. Qd3 {[%clk 1:01:57]} Nhf4
{[%clk 0:42:04]} 15. Bxf4 {[%clk 0:51:02]} Nxf4 {[%clk 0:42:01]} 16. Nxf4
{[%clk 0:51:04]} Qxf4 {[%clk 0:42:26]} 17. Qd2 {[%clk 0:36:23]} Qxd2
{[%clk 0:30:31]} 18. Nxd2 {[%clk 0:36:49]} Bd7 {[%clk 0:29:22]} 19. Be2
{[%clk 0:36:04]} g6 {[%clk 0:10:29]} 20. Nc4 {[%clk 0:34:35]} Ke7
{[%clk 0:09:32]} 21. Nxd6 {[%clk 0:31:56]} cxd6 {[%clk 0:07:10]} 22. Rac1
{[%clk 0:31:24]} Rac8 {[%clk 0:07:35]} 23. f3 {[%clk 0:30:49]} f5
{[%clk 0:05:24]} 24. Bd3 {[%clk 0:29:31]} fxe4 {[%clk 0:04:00]} 25. Bxe4
{[%clk 0:19:53]} g5 {[%clk 0:04:22]} 26. Kf2 {[%clk 0:20:11]} a5 {[%clk 0:04:23]}
27. b3 {[%clk 0:16:32]} b5 {[%clk 0:03:42]} 28. a3 {[%clk 0:15:29]} Rc5
{[%clk 0:02:22]} 29. b4 {[%clk 0:09:15]} axb4 {[%clk 0:02:39]} 30. axb4
{[%clk 0:09:39]} Rxc1 {[%clk 0:03:06]} 31. Rxc1 {[%clk 0:10:05]} Ra8
{[%clk 0:03:32]} 32. Rc2 {[%clk 0:05:15]} Ra3 {[%clk 0:02:29]} 33. Rb2
{[%clk 0:03:48]} Kd8 {[%clk 0:02:17]} 34. Ke2 {[%clk 0:03:22]} Rc3
{[%clk 0:01:41]} 35. Bd3 {[%clk 0:03:33]} Ra3 {[%clk 0:01:33]} 36. Kd2
{[%clk 0:03:27]} Kc7 {[%clk 0:01:16]} 37. Kc2 {[%clk 0:02:58]} Kb6
{[%clk 0:00:59]} 38. Rb3 {[%clk 0:03:06]} Ra2+ {[%clk 0:01:15]} 39. Rb2
{[%clk 0:03:32]} Ra8 {[%clk 0:01:23]} 40. Kb3 {[%clk 0:03:26]} Bc8
{[%clk 0:00:53]} 41. Be4 {[%clk 0:30:07]} Bb7 {[%clk 0:24:12]} 42. Ra2
{[%clk 0:30:11]} Rc8 {[%clk 0:24:35]} 43. Rc2 {[%clk 0:30:35]} Rc4
{[%clk 0:23:33]} 44. Rxc4 {[%clk 0:25:43]} bxc4+ {[%clk 0:23:56]} 45. Kxc4
{[%clk 0:25:51]} Ba6+ {[%clk 0:24:21]} 46. Kc3 {[%clk 0:25:56]} Bf1
{[%clk 0:24:43]} 47. f4 {[%clk 0:26:17]} gxf4 {[%clk 0:23:33]} 48. Bf3
{[%clk 0:24:42]} Kb5 {[%clk 0:22:43]} 49. Be4 {[%clk 0:24:53]} Be2
{[%clk 0:21:29]} 50. Kb3 {[%clk 0:23:27]} Bf1 {[%clk 0:14:25]} 51. Kc3
{[%clk 0:23:31]} Ka4 {[%clk 0:10:41]} 52. Bc2+ {[%clk 0:23:17]} Ka3
{[%clk 0:09:04]} 53. Be4 {[%clk 0:23:40]} Be2 {[%clk 0:08:56]} 54. Bf3
{[%clk 0:22:34]} Bf1 {[%clk 0:06:29]} 55. Be4 {[%clk 0:22:51]} Ka4
{[%clk 0:06:44]} 56. Bf3 {[%clk 0:22:12]} Kb5 {[%clk 0:06:38]} 57. Be4
{[%clk 0:22:37]} Be2 {[%clk 0:06:58]} 58. Kb3 {[%clk 0:23:01]} Bd1+
{[%clk 0:06:37]} 59. Kc3 {[%clk 0:23:13]} Ka4 {[%clk 0:05:48]} 60. Kc4
{[%clk 0:22:56]} Be2+ {[%clk 0:04:46]} 61. Kc3 {[%clk 0:23:17]} Kb5
1/2-1/2